Formas de Países Bajo el Mar - Estadísticas

Estadísticas generales
  • Esta prueba ha sido intentada 7.363 veces
  • La puntuación promedio es 9 de 12
Respuestas en el mapa
Las respuestas están codificadas por una escala verde-roja en el mapa de la prueba según el % correcto abajo.
 
Estadísticas de respuestas
País % Correcto
Noruega
91%
Vietnam
89%
Austria
87%
Marruecos
86%
Malí
84%
Perú
84%
Papua Nueva Guinea
82%
Mongolia
78%
Panamá
74%
Portugal
74%
Irán
59%
Argelia
54%
No se encontraron pruebas coincidentes
Distribución de puntuación
Porcentaje de gente con cada puntuación
Porcentaje por número respondido
Historial de tus puntuaciones
No has intentado esta prueba.